Prophets of Islam - Statistics

General Stats
  • This quiz has been taken 113 times
  • The average score is 15 of 25
Answer Stats
Hint Answer % Correct
First human being, first prophet and father of all humanity Adam
95%
nicknamed the Messiah, mayor figure in Christianity Isa
92%
founder of Islam and the proclaimer of the Qurʾān, the last Prophet Muhammad
89%
Built the Kaaba together with his son Ibrahim
86%
Built the ark to protect his family and animals from the great flood Nuh
86%
is mentioned the most in the Quran (136 times). Split the Red Sea in half Musa
81%
had the gift of prophecy through dreams Yusuf
75%
survived being swallowed by a giant fish or whale Yunus
71%
killed Jalut (Goliath) and received a divine revelation named "the Psalms" Dawud
68%
had twelve sons, who went on to father the Twelve Tribes of israel Yaqub
67%
Built the Kaaba together with his father Ismail
64%
was sent to the cities of Sodom and Gomorrah as a prophet,and was commanded to preach to their inhabitants on monotheism Lut
62%
Sent to Canaan. Founder of the Israelite people Ishaq
60%
bestowed with many divine gifts, including the ability to speak to both animals and djinn Sulaiman
60%
was sent together with his brother (14th prophet) to warn the Pharaoh about God's punishment Harun
55%
was a rich person in many ways, but lost it all and got sick as a test from Allah(swt).He remained patient so Allah(swt) eventually relieved him of his suffering Ayyub
53%
was assassinated because he intervened in the marriage of Herold Antipas Yahya
53%
Merchant sent to the ʿĀd tribe Hud
51%
Was „raised to an exalted place“ (entered heaven alive) Idris
48%
was the guardian of Maryam , became a father at the age of 92 Zakariya
48%
Was sent a blessed She-Camel by Allah(swt) to proof his prophethood to the Thamud tribe Salih
42%
is mentioned in two surah of the Quran Ilyas
36%
his true identity is unknown Dhu-l-Kifl
30%
send to Midian, was blessed with the gift of speaking and conveying the message of Allah(swt) Shuaib
30%
sent to guide the Children of Israel Alyasa
16%
No matching quizzes found
Score Distribution
Percent of People with Each Score
Percentile by Number Answered
Your Score History
You have not taken this quiz